[Event "Kieler Open 2018-A"]
[Site "Kiel"]
[Date "2018.08.02"]
[Round "8.9"]
[White "Poghosyan, Tigran"]
[Black "Haffner, Alexander"]
[Result "1-0"]
[WhiteElo "2146"]
[BlackElo "2107"]
[Annotator "PS"]
[PlyCount "39"]
[EventDate "2018.??.??"]
[WhiteTeam "Lübecker SV von 1873"]
[BlackTeam "SC Agon Neumünster"]

1. e4 g6 2. d4 Bg7 3. h4 h5 4. Nc3 c6 5. Bc4 e6 6. e5 d5 7. exd6 Qxd6 8. Ne4
Qd8 9. Bg5 Qc7 10. Qd2 Nd7 11. Bf4 Qb6 12. Nd6+ Kf8 13. Nf3 Nh6 14. O-O Nf6 15.
Ne5 Bd7 16. Bg5 Rd8 17. Qf4 Ke7 18. Ndxf7 Nxf7 19. Bxf6+ Bxf6 20. Nxg6+ 1-0

[Event "Kieler Open 2018-A"]
[Site "Kiel"]
[Date "2018.08.02"]
[Round "8.10"]
[White "Möller, Dustin"]
[Black "Kleinschroth, Roland"]
[Result "0-1"]
[WhiteElo "2140"]
[BlackElo "2058"]
[Annotator "PS"]
[PlyCount "66"]
[EventDate "2018.??.??"]
[WhiteTeam "Eckernförder SC von 1921"]
[BlackTeam "SG Weiß-Blau Eilenriede"]

1. d4 d5 2. Nf3 Nc6 3. c4 Bg4 4. Nc3 e6 5. cxd5 exd5 6. Bf4 Bd6 7. Nxd5 Bxf4 8.
Nxf4 Bxf3 9. gxf3 Qxd4 10. Qxd4 Nxd4 11. O-O-O Rd8 12. e3 Ne6 13. Bb5+ c6 14.
Nxe6 Rxd1+ 15. Rxd1 fxe6 16. Bc4 Ke7 17. a4 Nf6 18. e4 Nd7 19. Kd2 Ne5 20. Be2
Rd8+ 21. Kc3 Rxd1 22. Bxd1 g5 23. Kd4 Kd6 24. b3 a5 25. Be2 Nd7 26. Bc4 e5+ 27.
Kc3 Kc5 28. Be6 Nf6 29. Bc4 Nh5 30. Be2 Nf4 31. Bf1 Ne6 32. Be2 Nd4 33. Bd1 h6
0-1

[Event "Kieler Open 2018-A"]
[Site "Kiel"]
[Date "2018.08.02"]
[Round "8.11"]
[White "Wanner, Lukas"]
[Black "Petri, Alexander"]
[Result "1/2-1/2"]
[WhiteElo "2025"]
[BlackElo "2138"]
[Annotator "PS"]
[PlyCount "51"]
[EventDate "2018.??.??"]
[WhiteTeam "SK Doppelbauer Kiel"]
[BlackTeam "SK Doppelbauer Kiel"]

1. c4 c6 2. g3 Nf6 3. Bg2 d5 4. Nf3 g6 5. b3 Bg7 6. Bb2 O-O 7. O-O a5 8. d3 Na6
9. Nbd2 b5 10. cxb5 cxb5 11. a3 Bb7 12. Rc1 Qb6 13. Qc2 Rac8 14. Qb1 Rxc1 15.
Rxc1 Rc8 16. Bd4 Rxc1+ 17. Qxc1 Qd6 18. Be5 Qb6 19. Nd4 Ng4 20. Bxg7 Kxg7 21.
e4 b4 22. N4f3 bxa3 23. Qxa3 Nb4 24. d4 Qc7 25. Bf1 Ba6 26. Bxa6 1/2-1/2

[Event "Kieler Open 2018-A"]
[Site "Kiel"]
[Date "2018.08.02"]
[Round "8.12"]
[White "Svane, Henrik"]
[Black "Holtel, Jasper"]
[Result "1/2-1/2"]
[WhiteElo "2081"]
[BlackElo "2234"]
[Annotator "PS"]
[PlyCount "58"]
[EventDate "2018.??.??"]
[WhiteTeam "MTV Leck von 1889"]
[BlackTeam "SK Münster 32 e.V."]

1. d4 g6 2. c4 Nf6 3. Nc3 d5 4. Bf4 Bg7 5. e3 O-O 6. Nf3 c5 7. dxc5 Ne4 8. Rc1
Nxc3 9. bxc3 dxc4 10. Qxd8 Rxd8 11. Bxc4 Nc6 12. O-O Bd7 13. Rfd1 Be8 14. Rxd8
Rxd8 15. e4 Rc8 16. Bb5 Kf8 17. Be2 Nd8 18. Be3 Ne6 19. Ng5 Nxg5 20. Bxg5 Rxc5
21. Be3 Rc8 22. Bxa7 Ra8 23. Bd4 Rxa2 24. Bc4 Rd2 25. Bxg7+ Kxg7 26. Kf1 Bc6
27. f3 f5 28. exf5 gxf5 29. Re1 Kf8 1/2-1/2

[Event "Kieler Open 2018-A"]
[Site "Kiel"]
[Date "2018.08.02"]
[Round "8.13"]
[White "Haag, Martin"]
[Black "Besenthal, Klaus-Günther"]
[Result "1/2-1/2"]
[WhiteElo "2229"]
[BlackElo "2053"]
[Annotator "PS"]
[PlyCount "85"]
[EventDate "2018.??.??"]
[WhiteTeam "SC Bonn Beuel"]
[BlackTeam "Lübecker SV von 1873"]

1. c4 Nc6 2. g3 e5 3. Nc3 f5 4. Nf3 Nf6 5. d4 e4 6. Nh4 g6 7. Bg5 Be7 8. Ng2 d6
9. e3 Ng4 10. Bxe7 Qxe7 11. Nf4 Nf6 12. Be2 Qf7 13. h4 Bd7 14. Qd2 Ne7 15. d5
a6 16. Qd4 O-O 17. Kf1 Rab8 18. Kg2 b5 19. a3 Rfd8 20. c5 dxc5 21. Qxc5 c6 22.
dxc6 Nxc6 23. Rhd1 Na5 24. Rab1 Rdc8 25. Qd6 Nc6 26. Rd2 Qe7 27. Rbd1 Rb7 28.
Qxe7 Nxe7 29. Rd6 Rc6 30. Rxc6 Nxc6 31. Rd6 Kf7 32. b4 Ke7 33. Rd2 Be6 34.
Ncd5+ Nxd5 35. Nxd5+ Kf7 36. Nf4 Rd7 37. Rc2 Ne5 38. Rc5 Kf6 39. a4 bxa4 40.
Ra5 Rd6 41. Bxa6 Bb3 42. Bb5 Rd2 43. Ra6+ 1/2-1/2

[Event "Kieler Open 2018-A"]
[Site "Kiel"]
[Date "2018.08.02"]
[Round "8.14"]
[White "Schulze, Lara"]
[Black "Lorenzen, Jan-Hendrik"]
[Result "1/2-1/2"]
[WhiteElo "2187"]
[BlackElo "2024"]
[Annotator "PS"]
[PlyCount "100"]
[EventDate "2018.??.??"]
[WhiteTeam "SK Lehrte"]
[BlackTeam "Eckernförde"]

1. e4 c6 2. d4 d5 3. e5 Bf5 4. Nd2 e6 5. Nb3 Nd7 6. Nf3 h6 7. Be2 Ne7 8. O-O a6
9. a4 Rc8 10. Bd2 c5 11. dxc5 Nc6 12. Nfd4 Nxd4 13. Nxd4 Bxc5 14. Nxf5 exf5 15.
Bc3 d4 16. Bxd4 O-O 17. Bc3 Qc7 18. Qd5 Rfe8 19. Bf3 b5 20. axb5 axb5 21. Ba5
Nb6 22. Qd3 Qxe5 23. Bc3 Qc7 24. Qxb5 Nc4 25. Rae1 Red8 26. Re2 Rb8 27. Qc6
Qxc6 28. Bxc6 Nxb2 29. Ba5 Rd1 30. Rxd1 Nxd1 31. g3 g6 32. Kg2 Nb2 33. Bd5 Na4
34. Bb3 Nb6 35. Re5 Bd6 36. Rb5 Nc8 37. Rxb8 Bxb8 38. c4 Bd6 39. Ba4 Bc5 40.
Bd2 Nd6 41. Bb5 Ne4 42. Be1 h5 43. h4 Kf8 44. f3 Nd6 45. Ba6 Ke7 46. Bf2 Bb4
47. Bb6 Kd7 48. c5 Nc8 49. Bxc8+ Kxc8 50. c6 Bd6 1/2-1/2

[Event "Kieler Open 2018-A"]
[Site "Kiel"]
[Date "2018.08.02"]
[Round "8.15"]
[White "Easwaralingam, Adesh"]
[Black "Deutschbein, Christopher"]
[Result "1/2-1/2"]
[WhiteElo "2168"]
[BlackElo "1990"]
[Annotator "PS"]
[PlyCount "60"]
[EventDate "2018.??.??"]
[WhiteTeam "Fredericia Skatforening"]
[BlackTeam "Bille SC von 1924 e.V."]

1. e4 e5 2. Nf3 Nc6 3. Bb5 a6 4. Ba4 Nf6 5. Qe2 b5 6. Bb3 Bc5 7. a4 Rb8 8. c3
O-O 9. axb5 axb5 10. d3 Re8 11. O-O h6 12. Be3 d6 13. Nbd2 Qe7 14. Rfe1 Bxe3
15. fxe3 Be6 16. Bc2 Bc8 17. Nf1 Qf8 18. Ng3 Bd7 19. b4 Nd8 20. Nh4 c5 21. Rf1
cxb4 22. cxb4 Nc6 23. Bb3 Be6 24. Qb2 Kh7 25. Bxe6 fxe6 26. Ra6 Rec8 27. Nh5
Qe7 28. Nxf6+ gxf6 29. g3 Ra8 30. Rb6 Rab8 1/2-1/2

[Event "Kieler Open 2018-A"]
[Site "Kiel"]
[Date "2018.08.02"]
[Round "8.16"]
[White "Beeck, Mats"]
[Black "Kosanke, Stefan"]
[Result "1-0"]
[WhiteElo "2120"]
[BlackElo "1986"]
[Annotator "PS"]
[PlyCount "103"]
[EventDate "2018.??.??"]
[WhiteTeam "SK Doppelbauer Kiel"]
[BlackTeam "SV Bad Oldesloe"]

1. b3 d5 2. Bb2 Nf6 3. e3 c6 4. Nf3 Bg4 5. h3 Bxf3 6. gxf3 Nbd7 7. f4 Qc7 8. c4
O-O-O 9. cxd5 Nxd5 10. Nc3 Nxc3 11. Bxc3 e5 12. fxe5 Nxe5 13. f4 Nd3+ 14. Bxd3
Rxd3 15. Qg4+ Qd7 16. Qxd7+ Rxd7 17. Rg1 f6 18. O-O-O Bd6 19. Rg2 Re8 20. Kc2
Bf8 21. Re1 Rd5 22. e4 Rf5 23. Rg4 Rh5 24. Re3 Kd7 25. f5 c5 26. Reg3 Kc6 27.
d3 b5 28. Rf3 b4 29. Bd2 a5 30. h4 Bd6 31. Bf4 Bxf4 32. Rfxf4 Re7 33. Rf3 Kd6
34. Kd2 a4 35. bxa4 Ra7 36. Rh3 Rxa4 37. Rxg7 Rxa2+ 38. Kc1 Ke5 39. Rd7 Kf4 40.
Kb1 Ra3 41. Rh1 Rc3 42. Rd6 Rh6 43. Rf1+ Ke3 44. e5 Rxh4 45. exf6 Rb3+ 46. Kc1
Rc3+ 47. Kd1 Rh2 48. Re6+ Kxd3 49. Rf3+ Kc4 50. Rxc3+ bxc3 51. f7 Rh1+ 52. Re1
1-0

[Event "Kieler Open 2018-A"]
[Site "Kiel"]
[Date "2018.08.02"]
[Round "8.17"]
[White "Wunder, Niklas"]
[Black "Teichert, Felix"]
[Result "1-0"]
[WhiteElo "2099"]
[BlackElo "1981"]
[Annotator "PS"]
[PlyCount "55"]
[EventDate "2018.??.??"]
[WhiteTeam "SC Weiler im Allgäu e. V."]
[BlackTeam "Leegebrucher SF"]

1. Nf3 c5 2. e3 d5 3. d4 Nf6 4. c4 cxd4 5. exd4 Nc6 6. Nc3 Bg4 7. Bg5 Bxf3 8.
gxf3 dxc4 9. d5 Ne5 10. f4 Nd3+ 11. Bxd3 cxd3 12. Qxd3 Qa5 13. O-O-O O-O-O 14.
f5 g6 15. Rhe1 Rd7 16. Kb1 Bg7 17. Bf4 Qb4 18. Be5 Ne8 19. Re4 Qa5 20. Rc4+ Kd8
21. Bxg7 Nxg7 22. Qd4 Rg8 23. f6 Nf5 24. Qe5 Rd6 25. fxe7+ Kd7 26. Ne4 b5 27.
Nc5+ Ke8 28. Nb7 1-0

[Event "Kieler Open 2018-A"]
[Site "Kiel"]
[Date "2018.08.02"]
[Round "8.18"]
[White "Quante, Lennart"]
[Black "Begri, Felix"]
[Result "0-1"]
[WhiteElo "2083"]
[BlackElo "1984"]
[Annotator "PS"]
[PlyCount "40"]
[EventDate "2018.??.??"]
[WhiteTeam "SK Münster 32 e.V."]
[BlackTeam "SV 1920 Hofheim"]

1. d4 Nf6 2. c4 e6 3. g3 d5 4. Nf3 Be7 5. Bg2 O-O 6. O-O dxc4 7. Na3 Bxa3 8.
bxa3 Nbd7 9. Qc2 b5 10. a4 bxa4 11. Qxc4 Nb6 12. Qc2 Bb7 13. Bg5 Rc8 14. Bxf6
Qxf6 15. Ng5 Qxg5 16. Bxb7 Rcd8 17. e3 e5 18. dxe5 Qxe5 19. Rfc1 g6 20. Qxc7
Rd1+ 0-1

[Event "Kieler Open 2018-A"]
[Site "Kiel"]
[Date "2018.08.02"]
[Round "8.19"]
[White "Wichmann, Cliff"]
[Black "Papesch, Dennis"]
[Result "1/2-1/2"]
[WhiteElo "2305"]
[BlackElo "1850"]
[Annotator "PS"]
[PlyCount "154"]
[EventDate "2018.??.??"]
[WhiteTeam "ESV Nickelhütte Aue"]
[BlackTeam "Raisdorfer SG von 1976"]

1. d4 d5 2. Nf3 Nf6 3. c4 c6 4. Nc3 e6 5. e3 Nbd7 6. Qc2 Bd6 7. b3 b6 8. Bd3
Bb7 9. O-O Rc8 10. e4 dxe4 11. Nxe4 Nxe4 12. Bxe4 Nf6 13. Bg5 h6 14. Bh4 O-O
15. Rad1 Be7 16. Bd3 Qc7 17. Qe2 c5 18. Bg3 Bd6 19. dxc5 Bxg3 20. hxg3 Qxc5 21.
Qe5 Qxe5 22. Nxe5 Rfd8 23. Be2 Kf8 24. Bf3 Be4 25. Rfe1 Bxf3 26. gxf3 Ke8 27.
Kf1 Nd7 28. Ng4 Nc5 29. Ke2 Rc7 30. Ne3 Rcd7 31. Rxd7 Rxd7 32. Rc1 Ke7 33. Rc2
a5 34. Nd1 h5 35. f4 Ne4 36. Ne3 g6 37. Nf1 Rd8 38. f3 Nc5 39. Nd2 Nd3 40. Rc3
Nc5 41. Ne4 Rh8 42. Rc1 Rd8 43. Nf2 Kf6 44. Ke3 e5 45. fxe5+ Kxe5 46. Rb1 f6
47. a3 g5 48. b4 axb4 49. axb4 Ne6 50. Rh1 Rd4 51. Rc1 h4 52. gxh4 gxh4 53. c5
bxc5 54. bxc5 Kd5 55. c6 Rc4 56. Rd1+ Kxc6 57. Ne4 Nc5 58. Rd6+ Kc7 59. Rxf6
Nxe4 60. fxe4 Rc1 61. Rh6 h3 62. Kf4 Rh1 63. Ke5 h2 64. Rh3 Kd7 65. Rd3+ Ke7
66. Rd2 Kf7 67. Rd7+ Kg6 68. Rd2 Kf7 69. Rg2 Ke7 70. Rf2 Kd7 71. Rf7+ Ke8 72.
Rh7 Kf8 73. Rh4 Kf7 74. Rf4+ Ke7 75. Rf2 Kd7 76. Kf6 Re1 77. Rxh2 Rxe4 1/2-1/2

[Event "Kieler Open 2018-A"]
[Site "Kiel"]
[Date "2018.08.02"]
[Round "8.20"]
[White "Birnbaum, Detlev"]
[Black "Weber, Jannis"]
[Result "1/2-1/2"]
[WhiteElo "2118"]
[BlackElo "1890"]
[Annotator "PS"]
[PlyCount "39"]
[EventDate "2018.??.??"]
[WhiteTeam "SC Viernheim 1934 e.V."]
[BlackTeam "SV Hennef 1927 e.V."]

1. d4 Nf6 2. c4 g6 3. Nf3 Bg7 4. Nc3 d5 5. cxd5 Nxd5 6. g3 c5 7. e3 Nc6 8. Bg2
cxd4 9. Nxd4 Nxc3 10. bxc3 O-O 11. O-O Bd7 12. Rb1 Rb8 13. Ba3 Re8 14. Nxc6
Bxc6 15. Bxc6 bxc6 16. Qa4 Qc7 17. Qc4 Red8 18. Rxb8 Rxb8 19. Rd1 h5 20. Kg2
1/2-1/2

[Event "Kieler Open 2018-A"]
[Site "Kiel"]
[Date "2018.08.02"]
[Round "8.21"]
[White "Farokhi, Keyvan"]
[Black "Horn, Peter"]
[Result "1/2-1/2"]
[WhiteElo "1848"]
[BlackElo "2112"]
[Annotator "PS"]
[PlyCount "69"]
[EventDate "2018.??.??"]
[WhiteTeam "Doppelbauer Kiel"]
[BlackTeam "Concordia Palamedes"]

1. e4 e6 2. d4 d5 3. Nc3 Bb4 4. exd5 exd5 5. Bd3 Nc6 6. Nge2 Nge7 7. O-O Bf5 8.
Bg5 f6 9. Bf4 O-O 10. Bxf5 Nxf5 11. Qd3 Nfe7 12. Bg3 Qd7 13. Nf4 Bxc3 14. bxc3
Nd8 15. Rfe1 Nf5 16. Ne6 Nxe6 17. Qxf5 Rfe8 18. Re3 Nf8 19. Qxd7 Nxd7 20. Rae1
Kf7 21. Rxe8 Rxe8 22. Rxe8 Kxe8 23. Bxc7 b5 24. Kf1 Nf8 25. Ke2 Kd7 26. Ba5 Ne6
27. Ke3 f5 28. f4 Kc6 29. h3 h5 30. Kf3 Kd7 31. Bb4 Ke8 32. Bd6 Kf7 33. g4
hxg4+ 34. hxg4 g6 35. g5 1/2-1/2

[Event "Kieler Open 2018-A"]
[Site "Kiel"]
[Date "2018.08.02"]
[Round "8.22"]
[White "Oltmanns, Marc"]
[Black "Bernhardt, Gerd"]
[Result "0-1"]
[WhiteElo "1698"]
[BlackElo "2033"]
[Annotator "PS"]
[PlyCount "62"]
[EventDate "2018.??.??"]
[WhiteTeam "Raisdorfer SG von 1976"]
[BlackTeam "Eckernförder SC von 1921"]

1. e4 e6 2. b3 d5 3. exd5 exd5 4. Bb2 Nf6 5. Nf3 Bd6 6. Be2 O-O 7. O-O Bf5 8.
Re1 Nbd7 9. d4 c6 10. c4 Ne4 11. Bd3 Ndf6 12. Nc3 Nxc3 13. Bxc3 Bg4 14. Be2 Ne4
15. Qc2 Nxc3 16. Qxc3 f6 17. h3 Be6 18. Bd3 Bf7 19. Qc2 g6 20. h4 Qd7 21. h5
Qg4 22. hxg6 hxg6 23. Nh2 Qh5 24. g3 Kg7 25. Be2 Qh6 26. Kg2 Rh8 27. Rh1 Qh3+
28. Kg1 Bxg3 29. fxg3 Qxg3+ 30. Kf1 Rxh2 31. Rxh2 Qxh2 0-1

[Event "Kieler Open 2018-A"]
[Site "Kiel"]
[Date "2018.08.02"]
[Round "8.23"]
[White "Neuendorf, Max"]
[Black "Dengla, Aarav"]
[Result "1-0"]
[WhiteElo "1981"]
[BlackElo "1805"]
[Annotator "PS"]
[PlyCount "65"]
[EventDate "2018.??.??"]
[WhiteTeam "Flensburger SK von 1876"]
[BlackTeam "Indien"]
[BlackTeamCountry "IND"]

1. e4 e5 2. Nf3 Nf6 3. Nxe5 d6 4. Nf3 Nxe4 5. d4 d5 6. Bd3 Be7 7. O-O Nc6 8. c4
Nb4 9. cxd5 Nxd3 10. Qxd3 Qxd5 11. Nc3 Nxc3 12. bxc3 Be6 13. Re1 Qc4 14. Qxc4
Bxc4 15. Ba3 Be6 16. Bxe7 Kxe7 17. d5 Rad8 18. dxe6 fxe6 19. Nd4 Kf7 20. Nxe6
Rd3 21. c4 Rc3 22. c5 c6 23. Rab1 Rb8 24. Rxb7+ Rxb7 25. Nd8+ Kf6 26. Nxb7 Rc2
27. a4 Ra2 28. a5 Rb2 29. Nd8 Rc2 30. Nxc6 Rxc5 31. Nxa7 Rxa5 32. Nc6 Rd5 33.
h3 1-0

[Event "Kieler Open 2018-A"]
[Site "Kiel"]
[Date "2018.08.02"]
[Round "8.25"]
[White "Lubenow, Olaf"]
[Black "Bahlo, Jens"]
[Result "1-0"]
[WhiteElo "1794"]
[BlackElo "1973"]
[Annotator "PS"]
[PlyCount "70"]
[EventDate "2018.??.??"]
[WhiteTeam "SK Kollmar"]
[BlackTeam "SK 1858 Gießen"]

1. e4 Nc6 2. Nc3 Nf6 3. g3 d5 4. exd5 Nxd5 5. Bg2 Be6 6. Nh3 Qd7 7. Ng5 Nxc3 8.
bxc3 Bd5 9. f3 e6 10. Qe2 Na5 11. O-O Bc5+ 12. Kh1 h6 13. Ne4 Be7 14. Rb1 a6
15. d3 b5 16. Nf2 c5 17. Bd2 c4 18. Nh3 O-O 19. Nf4 Bb7 20. Rbd1 Qc6 21. Nh5
Kh7 22. d4 g6 23. Nf4 Rfe8 24. Nh3 Bf6 25. Qe3 Bg7 26. Qf4 Re7 27. Qh4 Rae8 28.
Ng5+ Kg8 29. Ne4 e5 30. Bxh6 exd4 31. Bxg7 Kxg7 32. cxd4 f5 33. d5 Qb6 34. d6
Re6 35. Ng5 Rxd6 1-0

[Event "Kieler Open 2018-A"]
[Site "Kiel"]
[Date "2018.08.02"]
[Round "8.26"]
[White "Karlisch, Moritz"]
[Black "Ghadimi, Mohammed Reza"]
[Result "0-1"]
[WhiteElo "1839"]
[BlackElo "2108"]
[Annotator "PS"]
[PlyCount "94"]
[EventDate "2018.??.??"]
[WhiteTeam "SK Doppelbauer Kiel"]
[BlackTeam "SK Doppelbauer Kiel"]

1. d4 e6 2. c4 Nf6 3. Nf3 c5 4. d5 b5 5. dxe6 fxe6 6. cxb5 a6 7. e3 d5 8. Nc3
Bd6 9. Be2 O-O 10. Qc2 Bb7 11. O-O e5 12. bxa6 Nxa6 13. e4 Nb4 14. Qb3 c4 15.
Qd1 Nd3 16. Ng5 Qe8 17. Bxd3 cxd3 18. Qxd3 Ba6 19. Qh3 Bxf1 20. Kxf1 h6 21.
Qe6+ Qxe6 22. Nxe6 Rfb8 23. exd5 Kf7 24. b3 Rxb3 25. Bd2 Rxc3 26. Bxc3 Nxd5 27.
Ng5+ hxg5 28. Bd2 Bc5 29. Rc1 Bd4 30. Rc2 g4 31. f3 Rh8 32. fxg4 Rxh2 33. a4
Rh1+ 34. Ke2 Ra1 35. a5 Ra3 36. Be1 Nf4+ 37. Kd1 Ke6 38. g3 Nd3 39. Bd2 Nf2+
40. Ke2 Nxg4 41. Rc7 Rxg3 42. Rxg7 Rg2+ 43. Kf3 Rxd2 44. Rxg4 Kf5 45. Rg8 e4+
46. Kg3 Be5+ 47. Kh3 Rh2# 0-1

[Event "Kieler Open 2018-A"]
[Site "Kiel"]
[Date "2018.08.02"]
[Round "8.27"]
[White "Liu, Mide"]
[Black "Berger, Joachim"]
[Result "0-1"]
[WhiteElo "1655"]
[BlackElo "1966"]
[Annotator "PS"]
[PlyCount "74"]
[EventDate "2018.??.??"]
[WhiteTeam "Guandong"]
[BlackTeam "Lübecker SV von 1873"]

1. e4 e5 2. Nf3 Nc6 3. Bc4 Nf6 4. d3 h6 5. O-O g6 6. c3 Bg7 7. Re1 d6 8. h3 O-O
9. Bb3 Kh7 10. d4 Bd7 11. a4 Nh5 12. Bc2 Qf6 13. dxe5 Nxe5 14. Nxe5 Qxe5 15.
Nd2 Rad8 16. Nc4 Qf6 17. e5 Qe6 18. exd6 Qxc4 19. dxc7 Rde8 20. Rxe8 Rxe8 21.
Bxh6 Qxc7 22. Qxh5 Bxh6 23. Rd1 Bxa4 24. Bxa4 gxh5 25. Bxe8 Qe7 26. Bb5 a6 27.
Bd3+ Kg7 28. Kf1 Qe5 29. Kg1 Bg5 30. Bc4 h4 31. Bf1 b5 32. Rd4 Be7 33. Rg4+ Kf8
34. Kh1 Bd6 35. g3 hxg3 36. fxg3 Qe3 37. Kg2 Bc5 0-1

[Event "Kieler Open 2018-A"]
[Site "Kiel"]
[Date "2018.08.02"]
[Round "8.28"]
[White "Boyens, Birger"]
[Black "Callsen, Niklas"]
[Result "0-1"]
[WhiteElo "1935"]
[BlackElo "1705"]
[Annotator "PS"]
[PlyCount "70"]
[EventDate "2018.??.??"]
[WhiteTeam "Husumer SV von 1898"]
[BlackTeam "Flensburger SK von 1876"]

1. e4 c5 2. Nf3 e6 3. d4 cxd4 4. Nxd4 Nc6 5. Nc3 Qc7 6. Be3 a6 7. Qf3 Nf6 8.
Qg3 Qxg3 9. hxg3 Ng4 10. Nxc6 Nxe3 11. Nd4 Nxf1 12. Kxf1 b6 13. g4 Bb7 14. Rh3
Bb4 15. Nde2 O-O 16. Rd1 Rad8 17. Rhd3 Bc6 18. a3 Be7 19. Nf4 d6 20. Nh5 Rd7
21. f4 Rfd8 22. Rh3 d5 23. e5 d4 24. Ne2 Ba4 25. Rd2 a5 26. Nc1 Rc7 27. Nb3 d3
28. Rhxd3 Rxd3 29. Rxd3 Bb5 30. Ke2 Rxc2+ 31. Nd2 Rxb2 32. a4 Ba6 33. Ng3 f6
34. f5 exf5 35. Nxf5 Bb4 0-1

[Event "Kieler Open 2018-A"]
[Site "Kiel"]
[Date "2018.08.02"]
[Round "8.29"]
[White "Tang, Zijie"]
[Black "Pedersen, Lars Wilton"]
[Result "0-1"]
[WhiteElo "1519"]
[BlackElo "2053"]
[Annotator "PS"]
[PlyCount "60"]
[EventDate "2018.??.??"]
[WhiteTeam "Guandong"]
[BlackTeam "Fredericia Skakforening"]

1. d4 Nf6 2. c4 g6 3. g3 Bg7 4. Bg2 O-O 5. Nc3 d6 6. e4 c6 7. Nge2 e5 8. d5 a5
9. Be3 h6 10. Qb3 Nbd7 11. h3 cxd5 12. cxd5 b6 13. O-O Nc5 14. Bxc5 bxc5 15.
Rfc1 Ba6 16. Qd1 Rb8 17. b3 Rb4 18. Rab1 Qb8 19. a3 Rb7 20. Na2 Bxe2 21. Qxe2
Rxb3 22. Rxb3 Qxb3 23. Nc3 Qxa3 24. Qf1 Rb8 25. Bf3 Rb3 26. Qe1 h5 27. Be2 Bh6
28. Rc2 Qb4 29. Kf1 Nxe4 30. Na2 Nd2+ 0-1

[Event "Kieler Open 2018-A"]
[Site "Kiel"]
[Date "2018.08.02"]
[Round "8.30"]
[White "Nahnsen, Kenneth"]
[Black "Andresen, Erik"]
[Result "0-1"]
[WhiteElo "2004"]
[BlackElo "1844"]
[Annotator "PS"]
[PlyCount "54"]
[EventDate "2018.??.??"]
[WhiteTeam "SK Doppelbauer Kiel"]
[BlackTeam "Flensburger SK von 1876"]

1. e4 c5 2. Nf3 d6 3. d4 cxd4 4. Nxd4 Nf6 5. Nc3 a6 6. Bc4 e6 7. Bb3 b5 8. f4
Be7 9. Be3 Qc7 10. f5 b4 11. fxe6 bxc3 12. exf7+ Kf8 13. O-O cxb2 14. Rb1 Nc6
15. Nxc6 Qxc6 16. Bd5 Nxd5 17. exd5 Qc4 18. Bd4 Bb7 19. Rxb2 Bxd5 20. Qg4 Bf6
21. Rxf6 gxf6 22. Qh4 Bxf7 23. Qxf6 Rg8 24. Rb3 Qe6 25. Qf2 Re8 26. Be3 Rg6 27.
Rb7 Rf6 0-1

[Event "Kieler Open 2018-A"]
[Site "Kiel"]
[Date "2018.08.02"]
[Round "8.31"]
[White "Gütschow, Martin"]
[Black "Schwerdt, Alwin Elias"]
[Result "1-0"]
[WhiteElo "1968"]
[BlackElo "1672"]
[Annotator "PS"]
[PlyCount "39"]
[EventDate "2018.??.??"]
[WhiteTeam "Verein Segeberger SF"]
[BlackTeam "SV Bad Schwartau von 1930"]

1. e4 e5 2. Nf3 Nc6 3. d4 exd4 4. c3 d5 5. exd5 Qxd5 6. cxd4 Bg4 7. Be2 O-O-O
8. Nc3 Bb4 9. O-O Bxc3 10. bxc3 Nf6 11. Qa4 Rhe8 12. Be3 Qa5 13. Qb3 Nd5 14.
Rab1 Nxc3 15. Qxb7+ Kd7 16. Bb5 Bxf3 17. gxf3 Nxb5 18. Rxb5 Rb8 19. Qxc6+ Kxc6
20. Rxa5 1-0

[Event "Kieler Open 2018-A"]
[Site "Kiel"]
[Date "2018.08.02"]
[Round "8.32"]
[White "Hu, Yik Kwan"]
[Black "Hoffmann, Joachim"]
[Result "1/2-1/2"]
[WhiteElo "1504"]
[BlackElo "1911"]
[Annotator "PS"]
[PlyCount "48"]
[EventDate "2018.??.??"]
[WhiteTeam "Hong Kong"]
[BlackTeam "SK Doppelbauer Kiel"]
[WhiteTeamCountry "HKG"]

1. e4 c6 2. d4 d5 3. Nc3 dxe4 4. Nxe4 Bf5 5. Ng3 Bg6 6. h4 h6 7. Nf3 Nd7 8. h5
Bh7 9. Bd3 Bxd3 10. Qxd3 e6 11. Bd2 Qc7 12. O-O-O Ngf6 13. Kb1 b5 14. Ne4 Nxe4
15. Qxe4 Nf6 16. Qe2 Bd6 17. Ne5 Bxe5 18. dxe5 Nd5 19. f4 Rb8 20. Qg4 O-O 21.
Rh3 Kh8 22. Qe2 c5 23. c4 bxc4 24. Qxc4 Rfd8 1/2-1/2

[Event "Kieler Open 2018-A"]
[Site "Kiel"]
[Date "2018.08.02"]
[Round "8.33"]
[White "Basey, Matthew"]
[Black "Brinckmann, Dieter"]
[Result "0-1"]
[WhiteElo "1889"]
[BlackElo "1870"]
[Annotator "PS"]
[PlyCount "90"]
[EventDate "2018.??.??"]
[WhiteTeam "Kieler SG von 18"]
[BlackTeam "Sfr.Mainz 1928"]

1. d4 Nf6 2. Bf4 d5 3. e3 e6 4. c3 c5 5. Nd2 Nc6 6. Ngf3 Be7 7. Bd3 O-O 8. Ne5
Nxe5 9. dxe5 Nd7 10. h4 f6 11. Bxh7+ Kxh7 12. Qh5+ Kg8 13. Qg4 Nxe5 14. Bxe5
fxe5 15. Nf3 Bf6 16. O-O-O Qe8 17. h5 e4 18. Nh4 Bxh4 19. Qxh4 Qf7 20. h6 gxh6
21. Qxh6 Qg7 22. Qh5 Rf7 23. Rh3 Kf8 24. Rdh1 Ke7 25. Rg3 Qf6 26. Rh4 Bd7 27.
Rf4 Rh8 28. Qg4 Qe5 29. Rxf7+ Kxf7 30. Qg6+ Ke7 31. f4 exf3 32. Rxf3 Be8 33.
Qd3 Rh1+ 34. Kd2 c4 35. Qc2 Bh5 36. Qh7+ Kd6 37. Qxb7 Qh8 38. Qa6+ Ke5 39. Qxa7
Bxf3 40. Qd4+ Kd6 41. Qb6+ Ke7 42. Qc7+ Kf6 43. Qf4+ Kg6 44. Qg3+ Kh7 45. Qxf3
Qg7 0-1

[Event "Kieler Open 2018-A"]
[Site "Kiel"]
[Date "2018.08.02"]
[Round "8.34"]
[White "Linke, Michael"]
[Black "Strätker, Sebastian"]
[Result "1-0"]
[WhiteElo "1792"]
[BlackElo "1887"]
[Annotator "PS"]
[PlyCount "43"]
[EventDate "2018.??.??"]
[WhiteTeam "Köln"]
[BlackTeam "ASV Rehau"]

1. e4 e5 2. Nf3 Nf6 3. Nxe5 d6 4. Nf3 Nxe4 5. Nc3 Nxc3 6. dxc3 Be7 7. Be3 Be6
8. Qd2 Nd7 9. Be2 Nf6 10. Ng5 Bf5 11. O-O-O O-O 12. Kb1 c6 13. h4 b5 14. f3 d5
15. g4 Bd7 16. Bd3 a5 17. Bd4 g6 18. h5 Nxg4 19. hxg6 fxg6 20. Rxh7 Bxg5 21.
Rg7+ Kh8 22. Rh1+ 1-0

[Event "Kieler Open 2018-A"]
[Site "Kiel"]
[Date "2018.08.02"]
[Round "8.35"]
[White "Wu, Sitang"]
[Black "Dittmann, Hans-Adolf"]
[Result "0-1"]
[WhiteElo "1403"]
[BlackElo "2102"]
[Annotator "PS"]
[PlyCount "72"]
[EventDate "2018.??.??"]
[WhiteTeam "Guandong"]
[BlackTeam "Preetzer TSV"]

1. Nf3 Nf6 2. g3 g6 3. Bg2 Bg7 4. d4 d6 5. O-O O-O 6. Nbd2 Nbd7 7. Nb3 a5 8. a4
c6 9. Bd2 Re8 10. Qc1 e5 11. dxe5 dxe5 12. Bh6 Qe7 13. Bxg7 Kxg7 14. Nfd2 Nb6
15. e4 Be6 16. Rd1 Nc4 17. Nxc4 Bxc4 18. Qe3 h5 19. f3 Qb4 20. Nd2 Be6 21. b3
Nd7 22. Bf1 Qc5 23. Qxc5 Nxc5 24. Nc4 Bxc4 25. Bxc4 Red8 26. Kf2 Kf8 27. Ke3
Ke7 28. c3 Rxd1 29. Rxd1 h4 30. f4 hxg3 31. hxg3 exf4+ 32. gxf4 Rh8 33. Rf1
Rh3+ 34. Kd4 b6 35. e5 Ne6+ 36. Bxe6 Kxe6 0-1

[Event "Kieler Open 2018-A"]
[Site "Kiel"]
[Date "2018.08.02"]
[Round "8.36"]
[White "Gerigk, Daniel"]
[Black "Quiring, Nikolai"]
[Result "0-1"]
[WhiteElo "1690"]
[BlackElo "2006"]
[Annotator "DG"]
[PlyCount "144"]

1.e4 e6 2.d4 d5 3.Nc3 Nf6 4.Bg5 Bb4 5.e5 h6 6.exf6 hxg5 7.fxg7 Rg8 8.Qd3 Qf6
9.a3 Ba5 10.O-O-O Rxg7 11.Qe3 c6 12.Nf3 Bc7 13.g3 Nd7 14.Bg2 b5 15.Rhe1 a5
16.Nd2 Ba6 17.Bxd5 cxd5 18.Nxd5 Qd8 19.Nxc7+ Qxc7 20.d5 Rc8 21.c3 e5 22.Ne4
b4 23.d6 Qb7 24.Nf6+ Nxf6 25.Qxe5+ Kf8 26.Qxf6 bxc3 27.bxc3 Qb3 28.Re3 Qxa3+
29.Kd2 Qb2+ 30.Ke1 Bb5 31.d7 Bxd7 32.Rxd7 Qb1+ 33.Rd1 Qb8 34.Red3 Re8+
35.Kf1 Qa8 36.Kg1 Rg6 37.Qh8+ Rg8 38.Qh6+ Rg7 39.Rd7 Qf3 40.Rd8 Qe4 41.Qh8+
Rg8 42.Qh6+ Rg7 43.Qb6 Rg6 44.Qxa5 Kg7 45.R8d4 Qf3 46.Qc5 Qh5 47.h4 Qh6
48.Kf1 Qh5 49.Qb5 Ree6 50.Rd5 Qf3 51.Kg1 gxh4 52.Qd3 Qf6 53.Qd4 hxg3 54.fxg3
Rxg3+ 55.Kh2 Rg6 56.Qxf6+ Rexf6 57.c4 Rf4 58.R1d4 Rf2+ 59.Kh3 Rf1 60.Rg4 Rh1+
61.Kg2 Rg1+ 62.Kxg1 Rxg4+ 63.Kf2 Rxc4 64.Kf3 Kg6 65.Rd6+ f6 66.Kg3 Kg5
67.Rd5+ f5 68.Re5 Rc3+ 69.Kf2 Kf4 70.Re2 Kg4 71.Re3 Rxe3 72.Kxe3 Kg3 0-1